00371nam a2200145Ia 450000500170000000800410001702000150005808200130007310000090008624500390009525000090013426000610014330000130020465000080021720240403045732.0240331s9999 xx 000 0 und d a955580009X bSRIa328 aICES 0aSri Lanka :bthe devolution debate a1 st aColombo :bInternational Center for Ethnic Studies /c  a231 p ., aLaw